Three real, one fake (music) - Statistics

General Stats
  • This quiz has been taken 39 times
  • The average score is 8 of 15
Answer Stats
Question Answer % Correct
Canadian music stars John Legend
100%
Taylor Swift albums Rumours
100%
British bands AC/DC
75%
Members of One Direction Nathan Skyes
75%
Elton John Songs Rebel Rebel
75%
Members of the Sex Pistols Vince White
75%
Song by ABBA Disco Inferno
50%
Songs by The Beatles Homeward Bound
50%
Songs on the Shrek soundtrack Two Princes
50%
Bands fronted by females My Chemical Romance
25%
Songs from the musical Cats Once in Awhile
25%
Won a Song of the Year Grammy Poker Face - Lady Gaga
25%
Songs released in the 90s The Real Slim Shady - Eminem
25%
Best New Artist Grammy Winners Lil Nas X
0%
Songs released in the 80s Vogue - Madonna
0%
No matching quizzes found
Score Distribution
Percent of People with Each Score
Percentile by Number Answered
Your Score History
You have not taken this quiz